[Event "Terre degli Elimi op 4th"]
[Site "Erice"]
[Date "2013.07.27"]
[Round "5"]
[White "Kampman, Tijmen"]
[Black "Mondello, Simone"]
[Result "1-0"]
[WhiteElo "2094"]
[BlackElo "1800"]
[PlyCount "49"]
[EventDate "2013.07.24"]
[EventType "swiss"]
[EventRounds "7"]
[EventCountry "ITA"]
[SourceTitle "EXT 2015"]
[Source "ChessBase"]
[SourceDate "2014.11.20"]
[SourceVersion "1"]
[SourceVersionDate "2014.11.20"]
[SourceQuality "1"]

1. c4 g6 2. g3 Bg7 3. Bg2 e5 4. Nc3 Nc6 5. d3 d6 6. Rb1 a5 7. a3 f5 8. e3 Nf6 9. Nge2 0-0 10. 0-0 Kh8 11. d4 h6 12. b4 axb4 13. axb4 g5 14. f4 gxf4 15. gxf4 e4 16. d5 Ne7 17. Bb2 Ng6 18. Bh3 Nh4 19. Nd4 c5 20. dxc6 bxc6 21. Qe1 c5 22. Nc6 Qe8 23. Qxh4 Qxc6 24. Nd5 Nxd5 25. Qxh6+ 1-0